书目信息 |
| 题名: |
常微分方程教程
|
|
| 作者: | 丁同仁 , 李承治 编 | |
| 分册: | ||
| 出版信息: | 北京 高等教育出版社 1991 |
|
| 页数: | 384页 | |
| 开本: | 20cm | |
| 丛书名: | ||
| 单 册: | ||
| 中图分类: | O175.1 | |
| 科图分类: | ||
| 主题词: | 数学分析 | |
| 电子资源: | ||
| ISBN: | 7-04-003162-0 | |
| 000 | 00611nam0 2200205 450 | |
| 001 | 0631213405 | |
| 005 | 20060929084731.43 | |
| 010 | @a7-04-003162-0@dCNY15.80 | |
| 100 | @a20060929d1991 km y0chiy0120 ea | |
| 101 | 0 | @achi |
| 102 | @aCN@b110000 | |
| 200 | 1 | @a常微分方程教程@Achang wei fen fang cheng jiao cheng@f丁同仁,李承治编@Fding tong ren,li cheng zhi bian |
| 210 | @a北京@c高等教育出版社@d1991 | |
| 215 | @a384页@d20cm | |
| 606 | 0 | @a数学分析 |
| 690 | @aO175.1@v3 | |
| 701 | 0 | @a丁同仁@Ading tong ren@4编 |
| 701 | 0 | @a李承治@Ali cheng zhi@4编 |
| 801 | 0 | @aCN@bPFT@c20060929 |
| 905 | @a10447@dO175.1@e112 | |
| 常微分方程教程/丁同仁,李承治编.-北京:高等教育出版社,1991 |
| 384页;20cm |
| ISBN 7-04-003162-0:CNY15.80 |
| ● |
| 相关链接 |
|
|
|
|
正题名:常微分方程教程
索取号:O175.1/112
 
预约/预借
| 序号 | 登录号 | 条形码 | 馆藏地/架位号 | 状态 | 备注 |
| 1 | 0499907 | 204999074 | 密集书库/ [索取号:O175.1/112] | 在馆 |